Formula 1 True or False - Statistics

General Stats
  • This quiz has been taken 27,166 times
    22,975 since last reset
  • The average score is 9 of 15
Answer Stats
Question Answer % Correct
A driver has started a F1 race before he was 18 True
89%
Ferrari has competed in every single championship. True
84%
Toro Rosso got a win before Red Bull. True
72%
Lewis Hamilton has only lost 1 championship in the Hybrid Era. False
69%
The United Kingdom has won both the most Driver World Championships as well as Constructor Championships True
66%
Someone has won a GP whilst starting from 22nd place True
65%
The only Dutch drivers to step on to a Formula 1 podium were both the Verstappens. True
61%
Jackie Stewart, Ayrton Senna, Niki Lauda and Nelson Piquet all have the same amount of World Championships. True
60%
Michael Schumacher has the highest % of wins per season False
54%
Vanwall won the first Constructors Championship in 1958 True
54%
4 people have won their debut race False
50%
39 different people have won a Drivers World Championship. False
45%
A driver has retired every race of a season True
44%
Michael Schumacher was on the podium for every race in the year 2004 False
35%
Michael Schumacher and Jenson Button have started the exact same amount of races. True
34%
No matching quizzes found
Score Distribution
Percent of People with Each Score
Percentile by Number Answered
Your Score History
You have not taken this quiz since the last reset